000 00590nam a2200181Ia 4500
008 090124s9999 xx 000 0 und d
082 _b21241
_a2473
100 _aकाळे के.नारायण
245 _a प्रतिमा रुप आणि रंग
250 _a1
260 _c1976
300 _a152
600 _aकाळे के.नारायण
630 _a प्रतिमा रुप आणि रंग
700 _aकाळे के.नारायण
730 _a प्रतिमा रुप आणि रंग
942 _cBOOK
999 _c135025
_d135025